CCVA: cuestionario de evaluación de la calidad de vida de alumnos adolescentes. Cuestionario
Zapisane w:
| Główni autorzy: | , |
|---|---|
| Format: | Książka |
| Język: | hiszpański |
| Wydane: |
Madrid
CEPE
2009
|
| Seria: | Colección Instrumentos de Evaluación, 24.1
|
| Hasła przedmiotowe: | |
| Etykiety: |
Dodaj etykietę
Nie ma etykietki, Dołącz pierwszą etykiete!
|
MARC
| LEADER | 00000cam a2200000 a 4500 | ||
|---|---|---|---|
| 001 | UCG9362 | ||
| 003 | CL-VaPUC | ||
| 008 | 120309e20090000SP |||||||||||||||||spa|d | ||
| 020 | |a 9788478696987 | ||
| 082 | 0 | 4 | |a 372.21 |b GOM |2 21 |
| 100 | |a Gómez-Vela, María |e author |9 576461 | ||
| 700 | 0 | |a Verdugo Alonso, Miguel Angel |e author |9 254799 | |
| 245 | 1 | 0 | |a CCVA: cuestionario de evaluación de la calidad de vida de alumnos adolescentes. Cuestionario |
| 300 | |a 11 p | ||
| 942 | |c BK | ||
| 945 | |d 20120309 00:00:00 |a dcastane | ||
| 260 | |a Madrid |b CEPE |c 2009 | ||
| 650 | 0 | |a Adolescentes |9 308058 | |
| 650 | 0 | |a Calidad de vida |9 322944 | |
| 650 | 7 | |a CUESTIONARIOS |2 CL-VaPUC |9 335942 | |
| 583 | |a last modification |c 20120309 14:21:00 |k Rodrigo Vera | ||
| 490 | 0 | |a Colección Instrumentos de Evaluación, 24.1 | |
| 999 | |c 346919 |d 346917 | ||
| 952 | |0 0 |1 0 |4 0 |6 372_210000000000000_GOM_2009 |7 0 |8 R |9 447874 |a BIBEDU |b FDOPOS |c MCIRC |d 2019-11-22 |i 4844122 |l 1 |o 372.21 GOM 2009 |p 4844122 |r 2023-01-13 |s 2022-03-18 |w 2019-11-22 |y BK_R |k EPE | ||
| 952 | |0 0 |1 0 |3 erb |4 0 |6 372_210000000000000_GOM_2009 |7 0 |8 R |9 447875 |a BIBEDU |b BIBEDU |c MCIRC |i 5115973 |l 1 |o 372.21 GOM 2009 |p 5115973 |r 2023-01-13 |s 2022-03-18 |w 2019-11-22 |y BK_R |z Catalogado en:20141003 |k EDI | ||